00985nam a22002057a 4500003000900000008004100009020001800050040007100068082001500139100002900154245014500183260008500328300002800413440003700441505016600478650002300644650001900667650002500686710006800711AR-CdUCM190320b ||||| |||| 00| 0 spa d a84-8387-030-4 aMUNICIPALIDAD PROVINCIAL DEL CUSCOcBIBLIOTECA MUNICIPAL DEL CUSCO a631 /bM36 aMedina Durand, Fransh G. aImpacto social de pequeños proyectos de riego en economías campesinas :bun estudio de caso en agroecosistemas semiáridos surandinos / aCusco :bCentro de estudios regionales andinos "Bartolomé de las casa",c1995. a191 páginas ;c24 cm. aTrabajos del colegio andino.n19 aEvaluación de impacto y proyectos de riego -- La evaluación de impacto en el contexto de la planificación -- ONGs y proyectos de riego en el sur andino ... aProyectos de riego aImpacto social aEconomía campesina aCentro de estudios regionales andinos "Bartolomé de las casa"